Keď Gašparko zmizol žart v jednom dejstve

Bibliographic Details
Main Author: Pospíšilová, Růžena, 1892-1972 (Author)
Format: Book
Language:Undetermined
PhysicalDescription:9 s.
Published: Žilina O. Trávníček 1930

MARC

LEADER 00000nam a2200000 a 4500
001 vtls001332903
003 SK-MaSNL
005 20260301114415.0
008 240314s1930 xo 0 und
035 |a SNK000285813 
040 |a SNK  |b slo  |c SNK  |e AACR2 
044 |a xo  |c SK 
100 1 |a Pospíšilová, Růžena,  |d 1892-1972  |4 aut  |9 40218 
245 1 0 |a Keď Gašparko zmizol  |b žart v jednom dejstve 
260 |a Žilina  |b O. Trávníček  |c 1930 
300 |a 9 s. 
999 |c 718271  |d 720201 
952 |t P60, <04>, [BOOK], {604}  |a SNK  |b SNK  |y VYP  |7 0  |p 17A0142352  |o snkSD 2817/3 D1  |0 0  |1 0  |4 0  |d 1998-06-01  |l 0  |r 2005-01-02 00:00:00  |w 2026-02-23